| 000 | 00641nam a22002177a 4500 | ||
|---|---|---|---|
| 005 | 20170124110251.0 | ||
| 010 | _aA-235808 | ||
| 020 |
_c00.00 _a0861873874 |
||
| 035 | _aA-235808 | ||
| 037 | _bCen Lib/Ret | ||
| 040 |
_aDPL _bEN |
||
| 082 |
_a301.430953 _bSOC |
||
| 245 | _aSocial science research and women in the arab world / | ||
| 260 |
_aLondon _bFrances Pinter _c1984 |
||
| 270 |
_aLondon _bLondon |
||
| 300 |
_aviii,175p. _c22cm(Hb) |
||
| 500 | _aIncludes Bibliographical reference | ||
| 650 |
_aWomen--Social conditions _98449 |
||
| 650 |
_aArab countries _930902 |
||
| 942 |
_2ddc _cEN _h301.430953 _kSOC |
||
| 999 |
_c135906 _d135906 |
||